000 00229nam a22000857a 4500
008 161129b xxu||||| |||| 00| 0 eng d
100 _91530
_aUppal.A.K.etal.
245 _aPhysical Education & Health-XI
260 _aNew Delhi
_bF.P.
_c2007
999 _c4259
_d4259